000 00469nam a2200205Ia 4500
008 240510s9999 xx 000 0 und d
020 _a0000563211431
041 _aEng
082 _a005.3
082 _bD19
100 _aDAY, Nigel : REES, Owen
245 0 _aComputer spreadsheets
250 _a1st ed.
260 _bLondon : British Broadcasting Corporation
260 _c1985
300 _a173 p.
650 _aSoftware
942 _2ddc
942 _cLBK
999 _c25687
_d25687
945 _a1
_bMadushi Gamage
_c1
_dMadushi Gamage